000 02350nam a2200517 c 4500
003 BLK
005 20250118140728.0
008 180409b bul|||||r ||||||| ||bul||
010 _aKNG00115017000
020 _a954-8456-78-8
_bиздат.: Унискорп
040 _aBLK
041 _aBUL
_cBUL
080 _aИстория на Франция
_b944
_x-058.2(092)(035)
_z944-058.2(092)(035)
080 _aБиографии
_b929
_x(44)
_z929(44)
100 1 _aБроли, Еманюел дьо
_eпърви автор
_943409
700 1 _aСанторам, Брюно
_e*
_9118842
700 1 _aДюкам, Еманюел
_e*
_966167
700 1 _aГеган, Стефан
_e*
_951643
700 1 _aПикон, Гийом
_e*
_9110660
700 1 _aТомасен, Люк
_e*
_9130003
700 1 _aКонстантинова, Елена
_eпрев. от фр.
_9246444
139 _aКралете на Франция
_bК 89
245 1 0 _aКралете на Франция
_cЕманюел дьо Броли; * Брюно Санторам; * Еманюел Дюкам; * Стефан Геган; * Гийом Пикон; * Люк Томасен; прев. от фр. Елена Константинова.
257 _aFRA
260 София
_bУнискорп
_c2004
300 _a120 с.
_bс цв. ил.
_c22 см
380 _a9
490 1 _aЕнциклопедична колекция от А до Я
490 1 _3Подсерия
_aСерия История
500 _aДруги авт. : Б. Санторам, Е. Дюкам, С. Геган, Г. Пикон, Л. Томасен. - Без сведение за ориг. загл. - Офс. изд. - Съдържа и Хронология. - Библиогр. с. 120.
504 _a120
650 4 _aФранция - история
_9269404
650 4 _aКрале, френски
_9311211
650 4 _aМонархии - Европа
_9162641
651 4 _aФранция
_9179722
653 _aкрале
653 _aмонархии
653 _aФранция
653 _aистория
852 _aЦб 220877
856 4 _qpdf
_u
856 4 _qpdf
_u
942 _cKNG
_n0
_03
944 _aCR
_c16.09.2004
_lИваничка Йорданова
_k30553
944 _aED
_c15.09.2017
_lф /
_kЛюдмила_Стоянова
999 _c109698
_d109698